Loading...
History - World History | 0 | 5 | 1 | 2 | 45 | 86 | 116.20 | 0 | 4 |
History - European History | 0 | 4 | 1 | 0 | 35 | 96 | 101.75 | 2 | 4 |
Science - Other Science | 0 | 2 | 0 | 0 | 20 | 78 | 97.00 | 1 | 1 |
Beliefs | 0 | 1 | 0 | 0 | 10 | 110 | 110.00 | 0 | 1 |
Geography | 0 | 1 | 0 | 0 | 10 | 134 | 134.00 | 0 | 1 |
History - Other History | 0 | 1 | 0 | 0 | 10 | 102 | 102.00 | 0 | 1 |
Social Science | 0 | 1 | 0 | 1 | 10 | 107 | 107.00 | 0 | 0 |
History - Ancient History | 0 | 1 | 1 | 1 | 5 | 126 | 126.00 | 1 | 1 |
Current Events | 0 | 0 | 0 | 0 | 0 | 0.00 | 0 | 0 | |
Fine Arts - Other Arts | 0 | 0 | 0 | 0 | 0 | 0.00 | 0 | 0 | |
History - American History | 0 | 0 | 4 | 0 | -20 | 0.00 | 0 | 0 |